00665nam a2200241 a 4500001001300000003000900013005001700022008004100039020001000080082001500090100002100105245002300126260003600149300000900185500003500194505001000229650001300239700002100252902000800273942000700281952011800288999001700406nice12345678IN_TiNIC20260116014920.0050524s1964 newa grp 000 0 eng  ac10000a266.2bSCH aScherer, James A aMissionary Go Home aNew JerseybPrentice-Hallc1964 a192p aincludes index and biblioraphy2 aIndex aMissions1 aScherer, James A bSRS cBK 001040708StackRoom-aHMIbHMId2007-07-12g100.00l0o266.2 SCHp11000053r2007-07-12v100.00w2005-05-24yBK c17523d17523